Constitutional Government and Democracy in India/ (Record no. 11764)

MARC details
000 -LEADER
fixed length control field 00675nam a22002297a 4500
005 - DATE AND TIME OF LATEST TRANSACTION
control field 20240227111636.0
008 - FIXED-LENGTH DATA ELEMENTS--GENERAL INFORMATION
fixed length control field 240227b ||||| |||| 00| 0 eng d
020 ## - INTERNATIONAL STANDARD BOOK NUMBER
International Standard Book Number 9789385439605
040 ## - CATALOGING SOURCE
Original cataloging agency IN-DiNC
Transcribing agency IN-DiNC
041 ## - LANGUAGE CODE
Language code of sung or spoken text Assamese
082 ## - DEWEY DECIMAL CLASSIFICATION NUMBER
Classification number 320.954
Item number CON
245 ## - TITLE STATEMENT
Title Constitutional Government and Democracy in India/
Statement of responsibility, etc. by Pankaj Bora and others.
250 ## - EDITION STATEMENT
Edition statement 1st NEP ed.
260 ## - PUBLICATION, DISTRIBUTION, ETC.
Place of publication, distribution, etc. Jorhat:
Name of publisher, distributor, etc. Bidya bhawan,
Date of publication, distribution, etc. 2024.
300 ## - PHYSICAL DESCRIPTION
Extent 321p.
650 ## - SUBJECT ADDED ENTRY--TOPICAL TERM
Topical term or geographic name entry element Indian government and politics
700 ## - ADDED ENTRY--PERSONAL NAME
Personal name Bora, Pankaj
Relator term Author
700 ## - ADDED ENTRY--PERSONAL NAME
Personal name Roy, Gautam Chandra
Relator term Author
700 ## - ADDED ENTRY--PERSONAL NAME
Personal name Baro, Aniruddha Kumar
Relator term Author
700 ## - ADDED ENTRY--PERSONAL NAME
Personal name Ghose, Pallab
Relator term Author
942 ## - ADDED ENTRY ELEMENTS (KOHA)
Source of classification or shelving scheme Dewey Decimal Classification
Koha item type Books
Holdings
Withdrawn status Lost status Source of classification or shelving scheme Damaged status Not for loan Collection code Home library Current library Shelving location Date acquired Cost, normal purchase price Total Checkouts Full call number Barcode Date last seen Date last checked out Copy number Price effective from Koha item type
    Dewey Decimal Classification     Political Science Central Library, Naharkatiya College Central Library, Naharkatiya College General Stacks 27/02/2024 350.00 4 320.954 CON 29827 05/06/2025 29/05/2025 1 27/02/2024 Books
    Dewey Decimal Classification     Political Science Central Library, Naharkatiya College Central Library, Naharkatiya College General Stacks 27/02/2024 350.00 3 320.954 CON 29828 14/06/2025 06/05/2025 2 27/02/2024 Books

Naharkatiya College © 2020. All rights reserved.

Powered By